书目信息 |
| 题名: |
清明节
|
|
| 作者: | 刘晓峰 著 | |
| 分册: | ||
| 出版信息: | 北京 中国社会出版社 2006.09 |
|
| 页数: | 121页 | |
| 开本: | 21cm | |
| 丛书名: | ||
| 单 册: | ||
| 中图分类: | K892.1 | |
| 科图分类: | ||
| 主题词: | 风俗习惯 | |
| 电子资源: | ||
| ISBN: | 7-5087-1432-6 | |
| 000 | 00565 nam 000217 | |
| 001 | 012000000854 | |
| 005 | 20070901154733.53 | |
| 010 | @a7-5087-1432-6@dCNY8.00 | |
| 100 | @a20070714d2006 em y0chiy0121 ea | |
| 101 | @achi | |
| 102 | @aCN@b110000 | |
| 105 | @ay z 000yy | |
| 200 | 10 | @a清明节@9qing ming jie@f刘晓峰著@Fliu xiao feng zhu |
| 210 | @a北京@c中国社会出版社@d2006.09 | |
| 215 | @a121页@d21cm | |
| 606 | @a风俗习惯 | |
| 690 | @aK892.1@v4 | |
| 701 | 0 | @a刘晓峰@9liu xiao feng@4著 |
| 801 | @aCN@c20070901 | |
| 901 | @a000001 | |
| 905 | @dK892.1@eL690 | |
| 清明节/刘晓峰著.-北京:中国社会出版社,2006.09 |
| 121页;21cm |
| ISBN 7-5087-1432-6:CNY8.00 |
| ● |
| 相关链接 |
|
|
|
正题名:清明节
索取号:K892.1/L690
 
预约/预借
| 序号 | 登录号 | 条形码 | 馆藏地/架位号 | 状态 | 备注 |
| 1 | 642414 | 206424145 | 社科库309/309社科库 10排4列4层/ [索取号:K892.1/L690] | 在馆 | |
| 2 | 642415 | 206424154 | 社科库309/309社科库 10排4列4层/ [索取号:K892.1/L690] | 在馆 | |
| 3 | 642416 | 206424163 | 社科库309/309社科库 10排4列4层/ [索取号:K892.1/L690] | 在馆 |